Statistiques concernant Villes de France par lettre - V (Carte Quiz)

Cliquez ici pour prendre le quiz!

Statistiques générales

  • Ce quiz a été pris 10 585 fois
  • Le résultat moyen est 10 sur 22

Réponses sur la Carte

Les réponses sont colorées sur une échelle allant du rouge au vert en fonction du pourcentage des utilisateurs qui les ont devinées à leur premier essai. Vous pouvez retrouver ces pourcentages ci-dessous.
 

Statistiques - réponses

Réponse% Correct
Versailles
74%
Valenciennes
68%
Vannes
68%
Verdun
68%
Vichy
63%
Villeurbanne
56%
Valence
55%
Villejuif
51%
Vincennes
51%
Villeneuve-sur-Lot
47%
Vesoul
45%
Villeneuve-d'Ascq
42%
Vitrolles
41%
Vierzon
36%
Vire
34%
Vitré
32%
Vienne
31%
Vendôme
27%
Villefranche-de-Rouergue
23%
Vernon
21%
Vitry-le-François
21%
Voiron
20%

Distribution des résultats

Percentile par nombre de réponses

% des personnes avec chaque résultat

Votre développement - résultats

Vous n’avez pas pris ce quiz